Ukrývané děti /
Uloženo v:
| Hlavní autor: | |
|---|---|
| Další autoři: | , |
| Médium: | Kniha |
| Jazyk: | Czech |
| Vydáno: |
Praha :
Dobrovský s.r.o.,
2024
|
| Edice: | Pangea
|
| Témata: | |
| Celkem bylo vypůjčeno: | 4x |
| Tagy: |
Žádné tagy |
| LEADER | 02415nam a2200613 i 4500 | ||
|---|---|---|---|
| 001 | 101940 | ||
| 003 | CZ PrNK | ||
| 005 | 20240517110230.0 | ||
| 007 | ta | ||
| 008 | 221213s2024 xr ach e 000 0ccze | ||
| 015 | |a cnb003477294 | ||
| 020 | |a 9788027720927 |q (vázáno) | ||
| 040 | |a BOA001 |b cze |d OLA001 |e rda | ||
| 041 | 1 | |a cze |h dut | |
| 072 | 7 | |a 323 |x Vnitropolitický vývoj, politický život |2 Konspekt |9 15 | |
| 072 | 7 | |a 929 |x Biografie |2 Konspekt |9 8 | |
| 080 | |a (=411.16)-053.2 |2 MRF | ||
| 080 | |a 355.01-053.2 |2 MRF | ||
| 080 | |a (=411.16) |2 MRF | ||
| 080 | |a 323.28 |2 MRF | ||
| 080 | |a 94(100)"1939/1945" |2 MRF | ||
| 080 | |a 929 |2 MRF | ||
| 080 | |a (492) |2 MRF | ||
| 080 | |a (0:82-94) |2 MRF | ||
| 100 | 1 | |a Prins, Marcel, |d 1962- |7 xx0316068 |4 aut |9 115286 | |
| 240 | 1 | 0 | |a Andere achterhuizen. |l Česky |
| 245 | 1 | 0 | |a Ukrývané děti / |c Marcel Prins, Peter Henk Steenhuis ; přeložila Veronika ter Harmsel Havlíková |
| 264 | 1 | |a Praha : |b Dobrovský s.r.o., |c 2024 | |
| 300 | |a 278 stran : |b ilustrace, portréty, faksimile ; |c 21 cm | ||
| 336 | |a text |b txt |2 rdacontent | ||
| 337 | |a bez média |b n |2 rdamedia | ||
| 338 | |a svazek |b nc |2 rdacarrier | ||
| 490 | 1 | |a Pangea | |
| 500 | |a Přeloženo z nizozemštiny | ||
| 500 | |a Terminologický slovník | ||
| 504 | |a Obsahuje bibliografické odkazy | ||
| 648 | 7 | |a 1939-1945 |7 ch460653 |2 czenas |9 52982 | |
| 650 | 0 | 7 | |a židovské děti |7 ph127997 |z Nizozemsko |2 czenas |
| 650 | 0 | 7 | |a děti a válka |7 ph194679 |y 1939-1945 |z Nizozemsko |2 czenas |
| 650 | 0 | 7 | |a Židé |7 ph127782 |x perzekuce |y 1939-1945 |2 czenas |
| 650 | 0 | 7 | |a druhá světová válka (1939-1945) |7 ph117270 |z Nizozemsko |2 czenas |
| 650 | 0 | 9 | |a Jewish children |z Netherlands |2 eczenas |
| 650 | 0 | 9 | |a children and war |y 1939-1945 |z Netherlands |2 eczenas |
| 650 | 0 | 9 | |a Jews |x persecutions |y 1939-1945 |2 eczenas |
| 650 | 0 | 9 | |a World War (1939-1945) |z Netherlands |2 eczenas |
| 655 | 7 | |a autobiografické vzpomínky |7 fd131854 |2 czenas |9 53458 | |
| 655 | 9 | |a autobiographical reminiscences |2 eczenas | |
| 700 | 1 | |a Steenhuis, Peter Henk, |d 1969- |7 xx0316069 |4 aut |9 115287 | |
| 700 | 1 | |a Harmsel Havlíková, Veronika ter, |d 1972- |7 ola2003209127 |4 trl |9 108112 | |
| 830 | 0 | |a Pangea | |
| 910 | |a UOG502 | ||
| 942 | |2 ddc |c KN | ||
| 999 | |d 101940 | ||
| 993 | |0 0 |1 421180102468 |2 ddc |4 0 |6 929_000000000000000 |7 0 |9 93231 |b 0 |c 102468 |d 2024-05-17 |e 4 |f DOSP |g 929 |h 399.00 |i Koupě |l DOSP |r 2025-04-15 |s 2025-03-05 |t 5 |w 2024-05-17 |y KN |z NAUCNA |n | ||